|
|
|
|
| LEADER |
01299nam a2200361Ia 4500 |
| 001 |
EBC425460 |
| 003 |
MiAaPQ |
| 005 |
20200520144314.0 |
| 006 |
m o d | |
| 007 |
cr cn||||||||| |
| 008 |
000508s2001 njua sb 001 0 eng d |
| 010 |
|
|
|z 00034757
|
| 020 |
|
|
|z 0805836470
|
| 020 |
|
|
|z 9780805836479
|
| 035 |
|
|
|a (MiAaPQ)EBC425460
|
| 035 |
|
|
|a (Au-PeEL)EBL425460
|
| 035 |
|
|
|a (CaPaEBR)ebr10287955
|
| 035 |
|
|
|a (CaONFJC)MIL232586
|
| 035 |
|
|
|a (OCoLC)646809358
|
| 040 |
|
|
|a MiAaPQ
|c MiAaPQ
|d MiAaPQ
|
| 050 |
|
4 |
|a P96.A83
|b W53 2001
|
| 082 |
0 |
4 |
|a 302.23
|2 21
|
| 100 |
1 |
|
|a Wicks, Robert H.
|
| 245 |
1 |
0 |
|a Understanding audiences
|h [electronic resource] :
|b learning to use the media constructively /
|c Robert H. Wicks.
|
| 260 |
|
|
|a Mahwah, N.J. :
|b L. Erlbaum Associates,
|c 2001.
|
| 300 |
|
|
|a xv, 241 p. :
|b ill.
|
| 504 |
|
|
|a Includes bibliographical references (p. 201-228) and indexes.
|
| 533 |
|
|
|a Electronic reproduction. Ann Arbor, MI : ProQuest, 2015. Available via World Wide Web. Access may be limited to ProQuest affiliated libraries.
|
| 650 |
|
0 |
|a Mass media
|x Audiences.
|
| 650 |
|
0 |
|a Audiences.
|
| 655 |
|
4 |
|a Electronic books.
|
| 710 |
2 |
|
|a ProQuest (Firm)
|
| 856 |
4 |
0 |
|u https://ebookcentral.proquest.com/lib/matrademy/detail.action?docID=425460
|z Click to View
|